Does Dubai Contractors Practice to Encourage Proper Competition on Track, Budget & Time (Record no. 18984)
[ view plain ]
| 000 -LEADER | |
|---|---|
| fixed length control field | 00538nam a2200205Ia 4500 |
| 001 - CONTROL NUMBER | |
| control field | a4679 |
| 003 - CONTROL NUMBER IDENTIFIER | |
| control field | SIRSI |
| 008 - FIXED-LENGTH DATA ELEMENTS--GENERAL INFORMATION | |
| fixed length control field | 120612s9999 xx 000 0 und d |
| 035 ## - SYSTEM CONTROL NUMBER | |
| System control number | (Sirsi) a4552 |
| 100 1# - MAIN ENTRY--PERSONAL NAME | |
| Personal name | Atout, Mamoon Mousa |
| 245 10 - TITLE STATEMENT | |
| Title | Does Dubai Contractors Practice to Encourage Proper Competition on Track, Budget & Time |
| 260 ## - PUBLICATION, DISTRIBUTION, ETC. | |
| Place of publication, distribution, etc. | England |
| Name of publisher, distributor, etc. | University of Glamorgan |
| Date of publication, distribution, etc. | 1999 |
| 300 ## - PHYSICAL DESCRIPTION | |
| Extent | 239 |
| 500 ## - GENERAL NOTE | |
| General note | 28.03.2012 |
| 500 ## - GENERAL NOTE | |
| General note | Gift |
| 500 ## - GENERAL NOTE | |
| General note | PB |
| 500 ## - GENERAL NOTE | |
| General note | PhD, English |
| 596 ## - | |
| -- | 1 |
| 650 10 - SUBJECT ADDED ENTRY--TOPICAL TERM | |
| Topical term or geographic name entry element | Project Management |
| Withdrawn status | Lost status | Source of classification or shelving scheme | Damaged status | Not for loan | Collection | Home library | Current library | Shelving location | Total checkouts | Full call number | Barcode | Date last seen | Copy number | Price effective from | Koha item type |
|---|---|---|---|---|---|---|---|---|---|---|---|---|---|---|---|
| Library of Congress Classification | AUE Library Collection | MAIN | MAIN | General | XX(4552.1) | 10047501 | 11/19/2019 | 1 | 11/19/2019 | Books |